| 000 | 00485nam a22001817a 4500 | ||
|---|---|---|---|
| 003 | MPLRDC | ||
| 005 | 20220104143627.0 | ||
| 008 | 210129b ||||| |||| 00| 0 eng d | ||
| 020 | _a7-80132-322-X | ||
| 082 | _a312.9165 LQ 1998 | ||
| 100 | _a陆群、敬革、玉梅 编著 | ||
| 245 |
_a网络中国: 网络悄悄改变我们的生活 _c |
||
| 250 | _a一版一刷 | ||
| 260 |
_a _b兵器工业 _c1997 |
||
| 300 | _b平 | ||
| 650 | _a广域网路 | ||
| 942 |
_cBK _o312.9165 LQ 1998 |
||
| 999 |
_c41774 _d41764 |
||